Microsoft Excel 2013 : tabulkový program /

Hlavní autor: Kubálková, Markéta, 1970-
Korporativní autor: Vysoká škola ekonomická v Praze. Fakulta mezinárodních vztahů
Další autoři: Kubálek, Tomáš, 1963-, Topolová, Ivana
Jazyk: Čeština
Vydáno: Praha : Oeconomica, c2013
Edice: Manažerská informatika (Oeconomica)
Témata:
Fyzický popis: 189 s. : il. ; 30 cm
Knihy
Uloženo v:
LEADER 01912nam a2200481 a 4500
001 nkc20132520185
003 CZ PrNK
005 20131206145928.0
007 ta
008 131125s2013 xr a e p 001 0 cze
015 |a cnb002520185 
020 |a 978-80-245-1962-3  |q (brož.) 
035 |a (OCoLC)867821334 
040 |a ABA001  |b cze 
072 7 |a 004.4/.6  |x Programování. Software  |2 Konspekt  |9 23 
072 7 |a 37.016  |x Učební osnovy. Vyučovací předměty. Učebnice  |2 Konspekt  |9 22 
080 |a 004.42Excel  |2 MRF 
080 |a 004.67  |2 MRF 
080 |a (075.8)  |2 MRF 
100 1 |a Kubálková, Markéta,  |d 1970-  |7 xx0000952  |4 aut 
245 1 0 |a Microsoft Excel 2013 :  |b tabulkový program /  |c Markéta Kubálková, Tomáš Kubálek, Ivana Topolová 
246 1 8 |a Tabulkový program Microsoft Excel 2013 
260 |a Praha :  |b Oeconomica,  |c c2013 
300 |a 189 s. :  |b il. ;  |c 30 cm 
490 1 |a Manažerská informatika 
500 |a Nad názvem: Vysoká škola ekonomická v Praze, Fakulta mezinárodních vztahů 
500 |a Obsahuje rejstřík 
550 |a Vydavatel: Vysoká škola ekonomická v Praze 
650 0 7 |a Microsoft Excel 2013 (software)  |7 ph771605  |2 czenas 
650 0 7 |a tabulkové procesory  |7 ph116391  |2 czenas 
650 0 9 |a Microsoft Excel 2013  |2 eczenas 
650 0 9 |a electronic spreadsheets  |2 eczenas 
655 7 |a učebnice vysokých škol  |7 fd133772  |2 czenas 
655 9 |a textbooks (higher)  |2 eczenas 
700 1 |a Kubálek, Tomáš,  |d 1963-  |7 jo2002103223  |4 aut 
700 1 |a Topolová, Ivana  |7 mzk2003171628  |4 aut 
710 2 |a Vysoká škola ekonomická v Praze.  |b Fakulta mezinárodních vztahů  |7 kn20010709400 
830 0 |a Manažerská informatika (Oeconomica)  |0 s 
910 2 |a BOA001  |b 4-1314.376 
990 |a BK 
995 |a 01 
991 |b 201312  |c NOV  |e n 
996 6 |b 2610569810  |c 4-1314.376  |l MZK  |r Sklad / do 1 hodiny  |n 2  |p p.v.  |w 001382436  |u 000010  |a 1  |e BOA001  |j MZK50  |s P